عرض عادي
عرض مارك
- صالح، أحمد علي
مدخل إسم شخص
001 - رقم الضبط
- حقل الضبط: 68008
003 - معرف رقم الضبط
- حقل الضبط: OSt
005 - تاريخ ووقت أخر عملية
- حقل الضبط: 20190130135209.0
008 - عناصر بيانات ثابتة الطول
- حقل تحكم ثابت الطول: 190130|| aca||aabn | a|a d
040 ## - مصدر الفهرسة
- هيئة الفهرسة الأصلية: OSt
- وكالة الكتابة: OSt
100 ## - مدخل -- أسم شخص
- إسم شخص: صالح، أحمد علي
670 ## - بيانات المصدر موجوده
- الاستشهاد بالمصدر: Work cat.: (OSt)75832: صالح، أحمد علي, القيادة الاستراتيجية :, 2019
